Resorts of Sipaliwini With a Map - Statistics

General Stats
  • This quiz has been taken 114 times
  • The average score is 5 of 7
Answers on the Map
Answers color-coded by a green-red scale on the quiz's map according to % correct below.
 
Answer Stats
Resort % Correct
Boven Suriname
95%
Boven Saramacca
84%
Boven Coppename
79%
Coeroenie
68%
Kabalebo
68%
Pamacca
68%
Tapanahony
68%
No matching quizzes found
Score Distribution
Percent of People with Each Score
Percentile by Number Answered
Your Score History
You have not taken this quiz